Srimad Bhagavad Gita: Sadhaka - Sanjivani [with Appendix] - Vol.2 (Record no. 10895)

MARC details
000 -LEADER
fixed length control field 00418nam a22001577a 4500
003 - CONTROL NUMBER IDENTIFIER
control field OSt
008 - FIXED-LENGTH DATA ELEMENTS--GENERAL INFORMATION
fixed length control field 210814b ||||| |||| 00| 0 eng d
082 ## - DEWEY DECIMAL CLASSIFICATION NUMBER
Classification number 294.5924
Item number RAS
100 ## - MAIN ENTRY--PERSONAL NAME
Personal name SWAMI Ramsukhdas
245 ## - TITLE STATEMENT
Title Srimad Bhagavad Gita: Sadhaka - Sanjivani [with Appendix] - Vol.2
250 ## - EDITION STATEMENT
Edition statement Rep Vol-2
260 ## - PUBLICATION, DISTRIBUTION, ETC. (IMPRINT)
Place of publication, distribution, etc Kolkata
Name of publisher, distributor, etc Gita Press Gorakhpur
Date of publication, distribution, etc 2017
300 ## - PHYSICAL DESCRIPTION
Extent 1085
650 ## - SUBJECT ADDED ENTRY--TOPICAL TERM
Topical term or geographic name as entry element Religious
942 ## - ADDED ENTRY ELEMENTS (KOHA)
Source of classification or shelving scheme Dewey Decimal Classification
Koha item type Text Books
Holdings
Withdrawn status Lost status Source of classification or shelving scheme Damaged status Not for loan Collection code Home library Current library Date acquired Source of acquisition Currency Cost, normal purchase price Bill Number Total Checkouts Full call number Acc. no. / Barcode Date last seen Actual Cost, discounted price Bill Date Koha item type Public note
    Dewey Decimal Classification     IKS- Indian Knowledge System PIET C-LIBRARY PIET C-LIBRARY 03/09/2021 Shri Radhe Dharmik Pustak Bhandar IN Rupees 115.00 1037   294.5924 RAS 33152 14/09/2021 103.50 03/09/2021 Text Books Religious

Design & Developed by: PIET Central Library
R70 Miles Stone Pattikalyana Samalkha Panipat 132102
mail ID :- [email protected], Phone No:- 0180-2569700 Ex.216